000 00674nam a22002177a 4500
001 BD-DhSAU 3929
003 BD-DhSAU
005 20150210160850.0
008 150210b2005 bg a||||r|||| 000 0 eng d
020 _a9843227026
040 _aBD-DhSAU
082 _222
_a323.24
_bRAW
100 _aRashid, Syeda Rozana
245 _aA comparative study on vulnerbality and coping machanism between Rohingya refugee and Chakma IDP women /
_cSyeda Rozana Rashid.
260 _aDhaka :
_bBangladesh Freedom Foundation,
_cc2005.
300 _axiv, 120 p. :
_bill. ;
_c21 cm.
440 _aWomen's security paper.
590 _ajoy
650 _aRohingya refugee.
650 _aChakma.
942 _2ddc
_cBOOK
999 _c3929
_d3929